000 01254nam a2200241Ia 4500
999 _c36214
_d36214
001 2117
003 GE_BSU
005 20190523144635.0
008 181216s1987||||ge |||||||||||||| ||geo||
040 _cGE_BSU
041 _ageo
080 _a94(479.22) ჯ–20
100 _aჯანაშია, სიმონ
_91446
245 _cრედ.: ნ. ჯანაშია, პრ. რატიანი ; საქ. სსრ მეცნ. აკად., ისტორიის, არქეოლოგიისა და ეთნოგრაფიის ინ-ტი.
_aშრომები :
_bტ. 5 /
264 _aთბილისი :
_bმეცნიერება,
_c 1987.
300 _a550 გვ.;
_b22 სმ.
653 _aსაქართველოს ისტორია
653 _aქართული ისტორიოგრაფია
700 _aჯანაშია, ნ.
_eრედაქტორი
_91523
700 _aრატიანი, პრ.
_eრედაქტორი
_91525
710 _aსაქ. სსრ მეცნ. აკად., ისტორიის, არქეოლოგიისა და ეთნოგრაფიის ინ-ტი.
_91524
942 _cBK
_2udc